00578nam a2200193 a 45000010010000000030011000100080041000210200022000620350026000841000020001102450076001302600038002063000015002445000017002596500018002767000019002947100041003138560030003540001-1172ELIB.Books150507 2010 eng  a13: 9780830825981 a(ELIB.Books)0001-1327 aCapes, David B. aRediscovering Paul:bAn Introduction to His World, Letters and Theology aDowners GrovebIVP Academicc2007 a350c23 Cm aC/o Moe Lwei aNew Testament aDavid B. Capes aRodney Reeves & E. Randolph Richards nKBTS: LibraryuKBTS: Elib